00657nam a2200205 a 450000100100000000500170001000800410002702000180006804000250008608200150011110000200012624500610014625000110020726000340021830000300025249000310028250000340031350400730034783000310042000004138620201002034837.0131001s1992 sp b 001 0 spa d a9788432045424 aDO-SdBNPbspacBNPHU axxxxbxxxx1 aHerren, Ricardo13aLa conquista erótica de las indias. /cRicardo Herren. a3a ed. aBarcelona, :bPlaneta,c1992. a268 p. :bmaps. ;c21 cm.1 aMamoria de la historiav53 aIncluye índice onomástico aIncluye referencias bibliográficas y notas al pie de las páginas 0aMemoria de la historian53